[Event "Montreal Pere Noel op"]
[Site "Montreal"]
[Date "2009.12.26"]
[Round "1"]
[White "Ramaswamy, Kiran"]
[Black "Goldenberg, Danny"]
[Result "0-1"]
[WhiteElo "1828"]
[BlackElo "2323"]
[PlyCount "58"]
[EventDate "2009.12.26"]
[EventType "swiss"]
[EventRounds "5"]
[EventCountry "CAN"]
[SourceTitle "EXT 2011"]
[Source "ChessBase"]
[SourceDate "2010.11.26"]
[SourceVersion "1"]
[SourceVersionDate "2010.11.26"]
[SourceQuality "1"]

1. c4 g6 2. g3 Bg7 3. Bg2 Nf6 4. Nc3 0-0 5. d3 c5 6. e4 Nc6 7. Nge2 d6 8. 0-0 Nd4 9. h3 Rb8 10. Be3 Ne8 11. a4 Nc7 12. Bxd4 cxd4 13. Nb5 Nxb5 14. axb5 a6 15. bxa6 bxa6 16. Qd2 f5 17. exf5 Rxf5 18. Nf4 Bh6 19. Ne6 Qf8 20. Qe2 Qf6 21. Bd5 Re5 22. Nxd4+ Rxd5 23. cxd5 Qxd4 24. g4 Qxd5 25. Qxe7 Bb7 26. Qe4 Qxe4 27. dxe4 Bxe4 28. Rfd1 Rb6 29. Ra4 Bc2 0-1

[Event "Montreal 2nd"]
[Site "Montreal"]
[Date "2001.08.11"]
[Round "9"]
[White "Charbonneau, Pascal"]
[Black "Goldenberg, Danny"]
[Result "1-0"]
[WhiteElo "2405"]
[BlackElo "2343"]
[PlyCount "105"]
[EventDate "2001.08.02"]
[EventType "tourn"]
[EventRounds "11"]
[EventCountry "CAN"]
[EventCategory "9"]
[SourceTitle "CBM 085"]
[Source "ChessBase"]
[SourceDate "2001.11.13"]
[SourceVersion "1"]
[SourceVersionDate "2001.11.13"]
[SourceQuality "1"]

1. e4 c5 2. Nc3 Nc6 3. Bb5 Nd4 4. Bc4 e6 5. Nf3 Ne7 6. Nxd4 cxd4 7. Ne2 Nc6 8. 0-0 g6 9. d3 Bg7 10. Bf4 d6 11. Qd2 0-0 12. Bh6 Re8 13. Bxg7 Kxg7 14. b4 d5 15. exd5 exd5 16. Bb5 Qb6 17. a4 a6 18. Bxc6 bxc6 19. a5 Qa7 20. c3 dxc3 21. Qxc3+ Kg8 22. Nd4 Bd7 23. Rfe1 Rac8 24. Nb3 d4 25. Rxe8+ Bxe8 26. Nxd4 Rd8 27. Nb3 Bd7 28. Nc5 Bf5 29. Re1 Qa8 30. h3 Qc8 31. Qf6 Re8 32. Re7 Rxe7 33. Qxe7 h5 34. Qa7 Qe8 35. Nxa6 Qe1+ 36. Kh2 Bxd3 37. Qb8+ Kh7 38. Nc5 Bb5 39. Qf4 Kg7 40. Qd4+ Kg8 41. Ne4 Qf1 42. Qd8+ Kg7 43. Qf6+ Kf8 44. Nd6 Bc4 45. Qh8+ Ke7 46. Qe5+ Kd7 47. Ne4 Bd5 48. Nf6+ Kc8 49. Qe8+ Kb7 50. Qd7+ Kb8 51. Qd8+ Ka7 52. Qb6+ Ka8 53. Nxd5 1-0

[Event "Canadian op"]
[Site "Sackville"]
[Date "2001.07.14"]
[Round "9"]
[White "Goldenberg, Danny"]
[Black "Ochkoos, Jura"]
[Result "1/2-1/2"]
[WhiteElo "2343"]
[BlackElo "2285"]
[PlyCount "20"]
[EventDate "2001.07.07"]
[EventType "swiss"]
[EventRounds "10"]
[EventCountry "CAN"]
[SourceTitle "EXT 2002"]
[Source "ChessBase"]
[SourceDate "2001.11.25"]
[SourceVersion "1"]
[SourceVersionDate "2001.11.25"]
[SourceQuality "1"]

1. e4 e5 2. Nf3 Nc6 3. Bc4 Nf6 4. d3 Be7 5. 0-0 0-0 6. Re1 d6 7. c3 a6 8. a4 h6 9. Nbd2 Nh7 10. Nf1 Bf6 1/2-1/2

[Event "CAN-ch op"]
[Site "Sackville"]
[Date "2001.07.11"]
[Round "6"]
[White "Lawson, Eric"]
[Black "Goldenberg, Danny"]
[Result "1/2-1/2"]
[WhiteElo "2065"]
[BlackElo "2322"]
[PlyCount "96"]
[EventDate "2001.07.??"]
[EventType "swiss"]
[EventRounds "10"]
[EventCountry "CAN"]
[SourceTitle "EXT 2006"]
[Source "ChessBase"]
[SourceDate "2005.11.24"]
[SourceVersion "1"]
[SourceVersionDate "2005.11.24"]
[SourceQuality "1"]

1. e4 g6 2. d4 Bg7 3. c3 c6 4. Bd3 d6 5. Ne2 h5 6. 0-0 Nh6 7. f3 Qb6 8. Kh1 Nd7 9. Na3 Nf8 10. Be3 Qc7 11. Nc2 e5 12. Bg1 Ne6 13. Bc4 0-0 14. Ne3 Nf4 15. Nxf4 exf4 16. Nc2 Kh7 17. Qd2 f5 18. d5 c5 19. Qxf4 Be5 20. Qh4 f4 21. Rfc1 Qg7 22. Bf1 Bd7 23. Ne1 g5 24. Qf2 g4 25. Rab1 b6 26. Nd3 Nf7 27. Qh4 Kg6 28. Qe7 Rad8 29. Nxe5+ Qxe5 30. Qxe5 Nxe5 31. Be2 Kg5 32. Bf2 h4 33. b4 Rb8 34. c4 h3 35. Rc3 hxg2+ 36. Kxg2 gxf3+ 37. Bxf3 Nxf3 38. Rxf3 cxb4 39. Rxb4 Rbe8 40. Ra3 Rxe4 41. Rxa7 f3+ 42. Kg1 Rf7 43. Rxb6 Rg4+ 44. Kf1 Rxc4 45. Be3+ Kh4 46. Rxd6 Bh3+ 47. Ke1 Rc1+ 48. Kd2 Rxa7 1/2-1/2

[Event "CAN-ch op"]
[Site "Sackville"]
[Date "2001.07.07"]
[Round "1"]
[White "Goldenberg, Danny"]
[Black "Morabito, Matthew"]
[Result "1-0"]
[WhiteElo "2321"]
[BlackElo "1915"]
[PlyCount "45"]
[EventDate "2001.07.??"]
[EventType "swiss"]
[EventRounds "10"]
[EventCountry "CAN"]
[SourceTitle "EXT 2006"]
[Source "ChessBase"]
[SourceDate "2005.11.24"]
[SourceVersion "1"]
[SourceVersionDate "2005.11.24"]
[SourceQuality "1"]

1. e4 c5 2. Nf3 Nc6 3. d4 cxd4 4. Nxd4 e6 5. Nc3 Qc7 6. Be3 a6 7. Bd3 Nge7 8. 0-0 Nxd4 9. Bxd4 Nc6 10. Be3 b5 11. f4 Na5 12. Kh1 Bb7 13. Qe2 Rc8 14. Nd1 Nc4 15. Bd4 d5 16. e5 Bc5 17. c3 0-0 18. b3 Nb6 19. f5 b4 20. f6 g6 21. Qe3 Rfd8 22. cxb4 Bxd4 23. Qh6 1-0

[Event "Wch U20"]
[Site "Yerevan"]
[Date "2000.10.02"]
[Round "13"]
[White "Goldenberg, Danny"]
[Black "Saric, Ibro"]
[Result "1/2-1/2"]
[WhiteElo "2310"]
[BlackElo "2345"]
[PlyCount "72"]
[EventDate "2000.09.02"]
[EventType "swiss"]
[EventRounds "13"]
[EventCountry "ARM"]
[SourceTitle "CBM 078 Extra"]
[Source "ChessBase"]
[SourceDate "2000.11.10"]
[SourceVersion "1"]
[SourceVersionDate "2000.11.10"]
[SourceQuality "1"]

1. e4 c5 2. Nf3 d6 3. d4 cxd4 4. Nxd4 Nf6 5. Nc3 a6 6. Bg5 e6 7. f4 Be7 8. Qf3 Qc7 9. 0-0-0 Nbd7 10. g4 b5 11. Bxf6 Nxf6 12. g5 Nd7 13. f5 Bxg5+ 14. Kb1 Ne5 15. Qh5 Qd8 16. fxe6 g6 17. exf7+ Kxf7 18. Qe2 Bg4 19. Nc6 Bxe2 20. Nxd8+ Raxd8 21. Bxe2 Ke6 22. Nd5 Rc8 23. a4 bxa4 24. Bxa6 Rc5 25. Rhg1 h6 26. Rg3 Rf8 27. Rc3 Rxc3 28. Nxc3 Nf3 29. h3 Nd2+ 30. Ka2 Rf2 31. Nxa4 Nxe4 32. Re1 d5 33. c4 Kd6 34. cxd5 Nc5 35. Nxc5 Kxc5 36. Bd3 Bf6 1/2-1/2

[Event "Wch U20"]
[Site "Yerevan"]
[Date "2000.09.24"]
[Round "6"]
[White "Pridorozhni, Aleksei"]
[Black "Goldenberg, Danny"]
[Result "1-0"]
[WhiteElo "2396"]
[BlackElo "2310"]
[PlyCount "109"]
[EventDate "2000.09.02"]
[EventType "swiss"]
[EventRounds "13"]
[EventCountry "ARM"]
[SourceTitle "CBM 078 Extra"]
[Source "ChessBase"]
[SourceDate "2000.11.10"]
[SourceVersion "1"]
[SourceVersionDate "2000.11.10"]
[SourceQuality "1"]

1. e4 c5 2. Nf3 Nc6 3. Bb5 g6 4. Bxc6 bxc6 5. 0-0 Bg7 6. c3 Nh6 7. d4 cxd4 8. cxd4 0-0 9. Nc3 d5 10. e5 f6 11. exf6 exf6 12. Bxh6 Bxh6 13. Na4 Bf5 14. Nc5 Re8 15. Nh4 Bd7 16. Qf3 Rb8 17. b3 f5 18. Qc3 Qxh4 19. Nxd7 Rbc8 20. Rae1 Rxe1 21. Rxe1 Bg7 22. Ne5 Rc7 23. g3 Qf6 24. f4 Bf8 25. b4 a5 26. a3 axb4 27. axb4 Qd6 28. Rb1 Rb7 29. Qxc6 Qxc6 30. Nxc6 Rb5 31. Kf2 Kg7 32. Ke3 Kf6 33. Kd3 g5 34. fxg5+ Kxg5 35. Kc3 h5 36. Ne5 h4 37. gxh4+ Kh5 38. Nd3 Kxh4 39. Rf1 Kg5 40. Rg1+ Kf6 41. h4 Rb7 42. Nc5 Rh7 43. b5 Bd6 44. Re1 Kf7 45. b6 Rxh4 46. b7 Rh8 47. Rb1 Ke7 48. Rb6 f4 49. Rxd6 Kxd6 50. Na6 Ke6 51. b8Q Rxb8 52. Nxb8 Kf5 53. Kd3 f3 54. Nc6 Kf4 55. Nb4 1-0

[Event "Wch U20"]
[Site "Yerevan"]
[Date "2000.09.23"]
[Round "5"]
[White "Goldenberg, Danny"]
[Black "Bunzmann, Dimitrij"]
[Result "1/2-1/2"]
[WhiteElo "2310"]
[BlackElo "2484"]
[PlyCount "47"]
[EventDate "2000.09.02"]
[EventType "swiss"]
[EventRounds "13"]
[EventCountry "ARM"]
[SourceTitle "CBM 078 Extra"]
[Source "ChessBase"]
[SourceDate "2000.11.10"]
[SourceVersion "1"]
[SourceVersionDate "2000.11.10"]
[SourceQuality "1"]

1. e4 e6 2. d4 d5 3. Nd2 Nf6 4. e5 Nfd7 5. Bd3 c5 6. c3 Nc6 7. Ne2 cxd4 8. cxd4 f6 9. exf6 Qxf6 10. Nf3 h6 11. 0-0 Bd6 12. Bc2 0-0 13. Ng3 Rd8 14. Re1 a6 15. a3 Bc7 16. b4 Nf8 17. Nh5 Qf7 18. Ne5 Nxe5 19. dxe5 Bb6 20. Kh1 Bd7 21. Qg4 Rdc8 22. Nf6+ Kh8 23. Nxd7 Qxd7 24. Bd3 1/2-1/2

[Event "Wch U20"]
[Site "Yerevan"]
[Date "2000.09.20"]
[Round "3"]
[White "Goldenberg, Danny"]
[Black "Gombac, Jan"]
[Result "1-0"]
[WhiteElo "2310"]
[BlackElo "2215"]
[PlyCount "77"]
[EventDate "2000.09.02"]
[EventType "swiss"]
[EventRounds "13"]
[EventCountry "ARM"]
[SourceTitle "CBM 078 Extra"]
[Source "ChessBase"]
[SourceDate "2000.11.10"]
[SourceVersion "1"]
[SourceVersionDate "2000.11.10"]
[SourceQuality "1"]

1. e4 e5 2. Nf3 Nc6 3. Bc4 Nf6 4. d3 d5 5. exd5 Nxd5 6. h3 Be7 7. 0-0 0-0 8. Re1 Nb6 9. Bb3 a5 10. a3 Nd4 11. Ba2 Nxf3+ 12. Qxf3 Nd7 13. Nc3 Ra6 14. Nd5 Rg6 15. Nxe7+ Qxe7 16. Bd2 b6 17. Bc3 c5 18. d4 cxd4 19. Bxd4 Qf6 20. Qxf6 gxf6 21. Be3 Bb7 22. g3 Bf3 23. Bc4 f5 24. Bd3 e4 25. Bf1 Rc8 26. Rec1 Rgc6 27. Bb5 Rd6 28. Bf4 Rd5 29. c4 Rd4 30. Be3 Rd6 31. b4 Ne5 32. c5 bxc5 33. bxc5 Rd5 34. Ba6 Rc7 35. Rcb1 Nd7 36. Rb7 Rc6 37. Bb5 Rcxc5 38. Bxd7 Rc2 39. Bh6 1-0

[Event "Montreal 1st"]
[Site "Montreal"]
[Date "2000.08.11"]
[Round "8"]
[White "Goldenberg, Danny"]
[Black "Smagin, Sergey"]
[Result "0-1"]
[WhiteElo "2310"]
[BlackElo "2605"]
[PlyCount "82"]
[EventDate "2000.08.03"]
[EventType "tourn"]
[EventRounds "11"]
[EventCountry "CAN"]
[EventCategory "9"]
[SourceTitle "CBM 079"]
[Source "ChessBase"]
[SourceDate "2000.11.21"]
[SourceVersion "1"]
[SourceVersionDate "2000.11.21"]
[SourceQuality "1"]

1. e4 e5 2. Nf3 Nc6 3. Bc4 Nf6 4. d3 Be7 5. 0-0 0-0 6. Re1 d6 7. a4 Be6 8. Nbd2 Qd7 9. c3 Rfe8 10. Bb3 Bf8 11. a5 b5 12. axb6 axb6 13. Rxa8 Rxa8 14. Ba4 Qe8 15. d4 Bd7 16. d5 Nb8 17. Bxd7 Nbxd7 18. b4 Qc8 19. Qb3 b5 20. c4 c6 21. dxc6 Qxc6 22. Bb2 bxc4 23. Nxc4 Rb8 24. Nfd2 Nc5 25. Na5 Qa6 26. Qa3 Nd3 27. Nc6 Rb6 28. Qxa6 Rxa6 29. b5 Rb6 30. Re3 Nxb2 31. Rb3 Na4 32. Nc4 Rb7 33. N4a5 Rd7 34. b6 Nxb6 35. Rxb6 Nxe4 36. Rb8 g6 37. f3 Nf6 38. Kf2 Kg7 39. Ke3 Rc7 40. Rd8 h5 41. Kd3 h4 0-1

[Event "Montreal 1st"]
[Site "Montreal"]
[Date "2000.08.07"]
[Round "5"]
[White "Charbonneau, Pascal"]
[Black "Goldenberg, Danny"]
[Result "0-1"]
[WhiteElo "2326"]
[BlackElo "2310"]
[PlyCount "88"]
[EventDate "2000.08.03"]
[EventType "tourn"]
[EventRounds "11"]
[EventCountry "CAN"]
[EventCategory "9"]
[SourceTitle "CBM 079"]
[Source "ChessBase"]
[SourceDate "2000.11.21"]
[SourceVersion "1"]
[SourceVersionDate "2000.11.21"]
[SourceQuality "1"]

1. e4 c5 2. Nf3 Nc6 3. c3 Nf6 4. e5 Nd5 5. Bc4 Nb6 6. Bb3 g6 7. d4 cxd4 8. cxd4 Bg7 9. Bf4 d6 10. exd6 0-0 11. h3 exd6 12. 0-0 Na5 13. Bc2 Be6 14. Nbd2 Nac4 15. Nxc4 Nxc4 16. b3 Nb6 17. Ng5 Nd5 18. Nxe6 fxe6 19. Be3 Nxe3 20. fxe3 Qg5 21. Qe2 Bh6 22. Rfe1 Qg3 23. Be4 Rf7 24. Bf3 Raf8 25. Rf1 Kh8 26. Kh1 Bg7 27. Qf2 Qg5 28. Qe2 e5 29. Rad1 Qg3 30. Kg1 exd4 31. exd4 Bh6 32. Rd3 Bf4 33. Qe6 Rf5 34. Rc3 Qh2+ 35. Kf2 Bd2 36. Rd3 Bg5 37. Ke2 R8f7 38. Qc8+ Kg7 39. Kd1 d5 40. Qc2 Qf4 41. h4 Qxh4 42. g4 Qxg4 43. Qe2 Rc7 44. Rd2 Qf4 0-1

[Event "Montreal 1st"]
[Site "Montreal"]
[Date "2000.08.03"]
[Round "1"]
[White "Goldenberg, Danny"]
[Black "Tyomkin, Dimitri"]
[Result "1/2-1/2"]
[WhiteElo "2310"]
[BlackElo "2522"]
[PlyCount "52"]
[EventDate "2000.08.03"]
[EventType "tourn"]
[EventRounds "11"]
[EventCountry "CAN"]
[EventCategory "9"]
[SourceTitle "CBM 079"]
[Source "ChessBase"]
[SourceDate "2000.11.21"]
[SourceVersion "1"]
[SourceVersionDate "2000.11.21"]
[SourceQuality "1"]

1. e4 c5 2. Ne2 e6 3. d4 cxd4 4. Nxd4 a6 5. c4 Nf6 6. Bd3 Nc6 7. Nxc6 dxc6 8. 0-0 e5 9. h3 Bc5 10. Qe2 Qe7 11. Nc3 Nd7 12. Kh1 0-0 13. Qc2 Re8 14. Ne2 Nf8 15. f4 exf4 16. Bxf4 Ng6 17. e5 Qh4 18. Bg3 Qh6 19. Rae1 Nxe5 20. Ng1 f6 21. Re4 Bxg1 22. Kxg1 Bd7 23. Bxe5 Rxe5 24. Rxe5 fxe5 25. Bf5 Bxf5 26. Qxf5 Qg6 1/2-1/2

[Event "Budapest FS06 IM-B"]
[Site "Budapest"]
[Date "2000.06.13"]
[Round "11"]
[White "Dudas, Janos"]
[Black "Goldenberg, Danny"]
[Result "1/2-1/2"]
[WhiteElo "2321"]
[BlackElo "2244"]
[PlyCount "20"]
[EventDate "2000.06.03"]
[EventType "tourn"]
[EventRounds "11"]
[EventCountry "HUN"]
[EventCategory "2"]
[SourceTitle "CBM 076 Extra"]
[Source "ChessBase"]
[SourceDate "2000.07.11"]
[SourceVersion "1"]
[SourceVersionDate "2000.07.11"]
[SourceQuality "1"]

1. d4 Nf6 2. Nf3 g6 3. c4 Bg7 4. Nc3 0-0 5. e4 d6 6. Be2 e5 7. dxe5 dxe5 8. Qxd8 Rxd8 9. Bg5 Re8 10. Nd5 Nxd5 1/2-1/2

[Event "Elekes Memorial IM"]
[Site "Budapest"]
[Date "2000.05.28"]
[Round "7"]
[White "Senff, Martin"]
[Black "Goldenberg, Danny"]
[Result "1/2-1/2"]
[WhiteElo "2349"]
[BlackElo "2244"]
[PlyCount "46"]
[EventDate "2000.05.??"]
[EventType "tourn"]
[EventRounds "11"]
[EventCountry "HUN"]
[EventCategory "4"]
[SourceTitle "EXT 2002"]
[Source "ChessBase"]
[SourceDate "2001.11.25"]
[SourceVersion "1"]
[SourceVersionDate "2001.11.25"]
[SourceQuality "1"]

1. e4 c5 2. Nc3 Nc6 3. Nge2 e5 4. Nd5 Nge7 5. Nec3 Nxd5 6. Nxd5 g6 7. Bc4 Bg7 8. d3 d6 9. Be3 Be6 10. Qd2 h6 11. 0-0 g5 12. a3 0-0 13. h4 f6 14. f3 Kh7 15. hxg5 hxg5 16. g4 Rb8 17. a4 Qd7 18. Kg2 Rf7 19. Bg1 Bxg4 20. fxg4 Qxg4+ 21. Kh2 Qh4+ 22. Kg2 Qg4+ 23. Kh2 Qh4+ 1/2-1/2

[Event "Elekes Memorial IM"]
[Site "Budapest"]
[Date "2000.05.22"]
[Round "1"]
[White "Balogh, Csaba"]
[Black "Goldenberg, Danny"]
[Result "1-0"]
[WhiteElo "2356"]
[BlackElo "2244"]
[PlyCount "63"]
[EventDate "2000.05.??"]
[EventType "tourn"]
[EventRounds "11"]
[EventCountry "HUN"]
[EventCategory "4"]
[SourceTitle "EXT 2002"]
[Source "ChessBase"]
[SourceDate "2001.11.25"]
[SourceVersion "1"]
[SourceVersionDate "2001.11.25"]
[SourceQuality "1"]

1. e4 c5 2. Nf3 Nc6 3. d4 cxd4 4. Nxd4 e5 5. Nb5 d6 6. Be3 Be7 7. Nd2 a6 8. Nc3 Nf6 9. Nc4 Be6 10. Nb6 Rb8 11. Be2 0-0 12. 0-0 Nxe4 13. Nxe4 f5 14. Nc3 f4 15. Bg4 Bf5 16. Bxf5 Rxf5 17. Qg4 g6 18. Ncd5 fxe3 19. fxe3 Bg5 20. Rxf5 gxf5 21. Qxf5 Bxe3+ 22. Kh1 Nd4 23. Nf6+ Kf7 24. Qxh7+ Kxf6 25. Nd5+ Ke6 26. Nxe3 Qh8 27. Qg6+ Kd7 28. Qf7+ Kc6 29. c3 Nb5 30. Rd1 Rd8 31. Nc4 Qg8 32. Na5+ 1-0

[Event "Oz.com qual blitz"]
[Site "ICC INT"]
[Date "2000.03.05"]
[Round "5"]
[White "Goldenberg, Danny"]
[Black "Gueci, Riccardo"]
[Result "1/2-1/2"]
[WhiteElo "2244"]
[BlackElo "2169"]
[PlyCount "196"]
[EventDate "2000.03.05"]
[EventType "swiss (blitz)"]
[EventRounds "9"]
[EventCountry "USA"]
[SourceTitle "EXT 2001"]
[Source "ChessBase"]
[SourceDate "2000.11.22"]
[SourceVersion "1"]
[SourceVersionDate "2000.11.22"]
[SourceQuality "1"]

1. e4 d6 2. d4 Nf6 3. Nc3 Nbd7 4. Nf3 e5 5. Bc4 Be7 6. 0-0 0-0 7. Qe2 exd4 8. Nxd4 Ne5 9. Bb3 c5 10. Nf5 Bxf5 11. exf5 Qd7 12. f4 Nc6 13. g4 d5 14. Qg2 c4 15. Ba4 Bc5+ 16. Kh1 Rfe8 17. Rd1 d4 18. g5 dxc3 19. Be3 Qxf5 20. gxf6 g6 21. Bxc5 Qxc5 22. Bxc6 Qxc6 23. Qxc6 bxc6 24. bxc3 Re2 25. Rac1 Rf2 26. Rd4 Re8 27. Kg1 Rfe2 28. Rxc4 R2e6 29. Kf2 Rxf6 30. Re1 Rd8 31. Rd4 Rfd6 32. Red1 Rd5 33. Kf3 Kf8 34. R1d3 f5 35. Ke3 Ke7 36. Ra4 R8d7 37. Rxd5 cxd5 38. Kd4 Ke6 39. Ra6+ Rd6 40. Rxa7 Rc6 41. Ra4 h6 42. h4 Rb6 43. c4 dxc4 44. Kxc4 Rc6+ 45. Kd3 Rd6+ 46. Rd4 Rb6 47. a4 Rb1 48. Rc4 Rh1 49. Rc6+ Kf7 50. Kd4 Rxh4 51. Ke5 g5 52. Rc7+ Kg6 53. Rc6+ Kf7 54. fxg5 hxg5 55. Kxf5 Rxa4 56. Rc7+ Ke8 57. Kxg5 Kd8 58. Rc5 Kd7 59. Kf5 Kd6 60. Rc8 Ra5+ 61. Ke4 Rc5 62. Rd8+ Kc6 63. Rd2 Kb5 64. Rh2 Kb4 65. Kd4 Rc4+ 66. Kd3 Rc3+ 67. Kd2 Rc4 68. Rh3 Rd4+ 69. Kc1 Kc4 70. Kb2 Rf4 71. Ra3 Rf8 72. Ra4+ Kb5 73. Rh4 Kc5 74. Rg4 Rf3 75. c3 Re3 76. Kb3 Re1 77. Rg5+ Kc6 78. Kb4 Rb1+ 79. Kc4 Rd1 80. Rg6+ Kc7 81. Kc5 Rh1 82. Rg7+ Kc8 83. c4 Rh6 84. Kb5 Rh5+ 85. c5 Rh6 86. Rf7 Rg6 87. Rf2 Rh6 88. Rd2 Kc7 89. Re2 Rg6 90. Re7+ Kc8 91. Ra7 Kb8 92. Rd7 Kc8 93. c6 Rg1 94. Rh7 Rb1+ 95. Kc5 Rc1+ 96. Kd5 Rd1+ 97. Ke6 Re1+ 98. Kd6 Rd1+ 1/2-1/2

[Event "Oz.com qual blitz"]
[Site "ICC INT"]
[Date "2000.03.05"]
[Round "8"]
[White "Skovgaard, Peter Nicolai"]
[Black "Goldenberg, Danny"]
[Result "0-1"]
[WhiteElo "2130"]
[BlackElo "2244"]
[PlyCount "64"]
[EventDate "2000.03.05"]
[EventType "swiss (blitz)"]
[EventRounds "9"]
[EventCountry "USA"]
[SourceTitle "EXT 2001"]
[Source "ChessBase"]
[SourceDate "2000.11.22"]
[SourceVersion "1"]
[SourceVersionDate "2000.11.22"]
[SourceQuality "1"]

1. e4 c5 2. Nf3 Nc6 3. d4 cxd4 4. Nxd4 e5 5. Nb5 d6 6. c4 Be7 7. Be2 Be6 8. 0-0 Rc8 9. b3 a6 10. N5c3 Nf6 11. Bg5 0-0 12. Nd2 Nxe4 13. Ncxe4 Bxg5 14. Nxg5 Qxg5 15. Ne4 Qg6 16. Nxd6 Bh3 17. Bf3 Rcd8 18. c5 Nd4 19. Kh1 Nxf3 20. Qxf3 Bc8 21. Nxc8 Rxc8 22. Qxb7 Rxc5 23. Rac1 Qd3 24. Kg1 Rxc1 25. Rxc1 Qd2 26. Qc7 Qxa2 27. b4 Qb2 28. Qc5 h6 29. g3 Rb8 30. Re1 f6 31. Re4 Qb1+ 32. Kg2 Qxe4+ 0-1

[Event "Cappelle op 16th"]
[Site "Cappelle la Grande"]
[Date "2000.02.22"]
[Round "5"]
[White "Naumkin, Igor"]
[Black "Goldenberg, Danny"]
[Result "0-1"]
[WhiteElo "2498"]
[BlackElo "2244"]
[PlyCount "98"]
[EventDate "2000.02.19"]
[EventType "swiss"]
[EventRounds "9"]
[EventCountry "FRA"]
[SourceTitle "CBM 074 Extra"]
[Source "ChessBase"]
[SourceDate "2000.03.10"]
[SourceVersion "2"]
[SourceVersionDate "2000.03.10"]
[SourceQuality "1"]

1. d4 Nf6 2. Nf3 g6 3. c4 Bg7 4. Nc3 0-0 5. e4 d6 6. Be2 e5 7. d5 a5 8. Bg5 Na6 9. 0-0 h6 10. Bh4 Qe8 11. Nd2 Nh7 12. a3 h5 13. f3 Bh6 14. b4 Bd7 15. Rb1 axb4 16. axb4 Be3+ 17. Kh1 f5 18. exf5 Bxf5 19. Rb3 g5 20. Be1 Qg6 21. Nce4 Bd4 22. Bd3 Kh8 23. Qe2 Nf6 24. Nxf6 Rxf6 25. Ne4 Rff8 26. Bd2 g4 27. Bb1 c5 28. bxc5 Nxc5 29. Nxc5 dxc5 30. Rxb7 Bxb1 31. Rbxb1 gxf3 32. gxf3 Rg8 33. f4 exf4 34. d6 Ra2 35. Rbe1 f3 36. Qxf3 Rxd2 37. d7 Rd3 38. Qd5 Bc3 39. Re6 Rxd5 40. Rxg6 Rxg6 41. cxd5 Rg8 42. Rf7 Rd8 43. Re7 Bf6 44. d6 Kg8 45. Kg2 c4 46. Kf3 Kf8 47. Rh7 Bg7 48. Rxh5 Rxd7 49. Rc5 c3 0-1

[Event "CAN-ch U20"]
[Site "Quebec"]
[Date "2000.??.??"]
[Round "7"]
[White "Goldenberg, Danny"]
[Black "Charbonneau, Pascal"]
[Result "1/2-1/2"]
[WhiteElo "2244"]
[BlackElo "2313"]
[PlyCount "75"]
[EventDate "2000.??.??"]
[EventType "swiss"]
[EventRounds "8"]
[EventCountry "CAN"]
[SourceTitle "EXT 2001"]
[Source "ChessBase"]
[SourceDate "2000.11.22"]
[SourceVersion "1"]
[SourceVersionDate "2000.11.22"]
[SourceQuality "1"]

1. e4 c5 2. Nf3 e6 3. d4 cxd4 4. Nxd4 Nc6 5. Be3 Nf6 6. Nc3 Bb4 7. Bd3 d5 8. Nxc6 bxc6 9. e5 d4 10. exf6 dxc3 11. 0-0 Qxf6 12. Be4 0-0 13. b3 e5 14. a3 Ba5 15. b4 Bb6 16. Qd3 Bd4 17. Bxd4 exd4 18. b5 Bd7 19. Rfd1 Rad8 20. Qxd4 Qxd4 21. Rxd4 c5 22. Rd5 Bxb5 23. Rxc5 Rd4 24. Bf3 Bc4 25. Rd1 Rxd1+ 26. Bxd1 Re8 27. h3 Ba6 28. Bg4 h5 29. Bxh5 Rc8 30. Rxc8+ Bxc8 31. f4 Bf5 32. Bd1 f6 33. Kf2 Be4 34. g3 Bf5 35. h4 g5 36. hxg5 fxg5 37. fxg5 Kg7 38. Ke3 1/2-1/2